| 000 | 00778cam a2200253 4500500 | ||
|---|---|---|---|
| 005 | 20260329010135.0 | ||
| 041 | _afre | ||
| 042 | _adc | ||
| 100 | 1 | 0 |
_aGherca, Stefania _eauthor |
| 700 | 1 | 0 |
_aOrtoli, Sven _eauthor |
| 245 | 0 | 0 | _aMeghan O’Gieblyn : dans la Caverne des IA |
| 260 | _c2023. | ||
| 500 | _a75 | ||
| 690 | _aCaverne | ||
| 690 | _aDeep Learning | ||
| 690 | _aElon Musk | ||
| 690 | _aHumain | ||
| 690 | _aIntelligence Artificielle | ||
| 690 | _aMachines | ||
| 690 | _aRay Kurzweil | ||
| 690 | _aTechnologies | ||
| 786 | 0 | _nPhilosophie magazine - Hors séries | Hors série - Pritemps 2023 | HS57 | 2023-04-01 | p. 2-5 | 2104-9246 | |
| 856 | 4 | 1 | _uhttps://shs.cairn.info/magazine-philosophie-magazine-2023-3-page-2?lang=fr&redirect-ssocas=7080 |
| 999 |
_c1849825 _d1849825 |
||